| 000 | 00682nam a2200181Ia 4500 | ||
|---|---|---|---|
| 003 | GCL | ||
| 008 | 140319s9999 xx 000 0 ara d | ||
| 040 |
_aGCL / _cGCL |
||
| 082 | 0 | 4 |
_a301.324 _bف م |
| 100 | 1 | _aفيصل ابراهيم الزيانى | |
| 245 | 1 | 0 |
_aمجتمع البحرين واثر الهجرة الخارجية في تغير بنائه الاجتماعى / _cفيصل ابراهيم الزيانى |
| 300 | _a367 ص | ||
| 490 |
_aالهيئة العامة للاستعلامات _v0 |
||
| 650 | 0 | 4 | _aالتغير الاجتماعى |
| 650 | 0 | 4 | _aالهجرة الوافدة |
| 650 | 0 | 4 | _aالبحرين - الاحوال الاجتماعية |
| 942 |
_2ddc _cBK |
||
| 999 |
_c48474 _d48474 |
||